FIFA World Cup 2014 Goalscorers - Statistics

General Stats
  • This quiz has been taken 1,283 times
  • The average score is 19 of 32
Answer Stats
Goals Scored Country Answer % Correct
4 Argentina Lionel Messi
99%
4 Brazil Neymar
97%
5 Germany Thomas Muller
97%
6 Colombia James Rodriguez
96%
4 Netherlands Robin Van Persie
92%
3 Netherlands Arjen Robben
87%
2 Germany Miroslav Klose
85%
2 Uruguay Luis Suarez
79%
3 France Karim Benzema
77%
2 Chile Alexis Sanchez
73%
2 Germany Mario Gotze
73%
2 Germany Toni Kroos
69%
3 Switzerland Xherdan Shaqiri
68%
3 Ecuador Enner Valencia
67%
2 Australia Tim Cahill
67%
2 Croatia Mario Mandzukic
63%
2 Brazil Oscar
59%
3 Germany Andre Schurrle
55%
2 Brazil David Luiz
55%
2 USA Clint Dempsey
53%
2 Germany Mats Hummels
48%
2 Croatia Ivan Perisic
46%
2 Costa Rica Bryan Ruiz
45%
2 Ghana Asamoah Gyan
40%
2 Ivory Coast Gervinho
38%
2 Algeria Islam Slimani
38%
2 Ghana Andre Ayew
34%
2 Netherlands Memphis Depay
30%
2 Nigeria Ahmed Musa
29%
2 Colombia Jackson Martinez
26%
2 Ivory Coast Wilfried Bony
22%
2 Algeria Abdelmoumene Djabou
6%
No matching quizzes found
Score Distribution
Percent of People with Each Score
Percentile by Number Answered
Your Score History
You have not taken this quiz